Central Library OPAC University of Rajshahi

ফররুখ-রচনাবলী / (Record no. 74309)

MARC details
000 -LEADER
fixed length control field 01146nam a2200265 a 4500
001 - CONTROL NUMBER
control field 74309
003 - CONTROL NUMBER IDENTIFIER
rucl marc code BD-RjUL
005 - DATE AND TIME OF LATEST TRANSACTION
control field 20211209082532.0
008 - FIXED-LENGTH DATA ELEMENTS--GENERAL INFORMATION
fixed length control field 180702s1979 bg ||||| |||| 00| 0 ben d
020 ## - INTERNATIONAL STANDARD BOOK NUMBER
Terms of availability Tk.35.00
035 ## - SYSTEM CONTROL NUMBER
System control number (BD-RjUL)74527
040 ## - CATALOGING SOURCE
Original cataloging agency BD-RjUL
Language of cataloging eng
Transcribing agency BD-RjUL
041 ## - LANGUAGE CODE
Language code of text/sound track or separate title ben
082 ## - DEWEY DECIMAL CLASSIFICATION NUMBER
Edition number 23
Classification number 891.4408
Author mark and year AHF 1979
100 1# - MAIN ENTRY--PERSONAL NAME
Personal name আহমদ,ফররুখ
9 (RLIN) 147426
245 10 - TITLE STATEMENT
Title ফররুখ-রচনাবলী /
Statement of responsibility, etc. ফররুখ আহমদ ; মোহাম্মদ মাহফুজুল্লাহ, আবদুল মান্নান সৈয়দ, সম্পাদিত
260 ## - PUBLICATION, DISTRIBUTION, ETC. (IMPRINT)
Place of publication, distribution, etc. ঢাকা :
Name of publisher, distributor, etc. আহমদ পাবলিশিং হাউস ,
Date of publication, distribution, etc. ১৯৭৯
300 ## - PHYSICAL DESCRIPTION
Pagination খন্ড ;
Size ২০ সেমি.
505 ## - FORMATTED CONTENTS NOTE
Formatted contents note খন্ড. ১
650 ## - SUBJECT ADDED ENTRY--TOPICAL TERM
Topical term or geographic name as entry element বাংলা সাহিত্য
Form subdivision সংগ্রহ
9 (RLIN) 221589
Topical term or geographic name as entry element Bengali Literature
Form subdivision Collection
9 (RLIN) 221590
700 ## - ADDED ENTRY--PERSONAL NAME
Personal name মাহফুজুল্লাহ, মোহাম্মদ, সম্পা.
Personal name সৈয়দ, আবদুল মান্নান
942 ## - ADDED ENTRY ELEMENTS (KOHA)
Source of classification or shelving scheme Dewey Decimal Classification
Koha item type Books
Holdings
Lost status Source of classification or shelving scheme Damaged status Not for loan Collection code Permanent Location Current Location Shelving location Date acquired Source of acquisition Cost, normal purchase price Total Checkouts Full call number Date last seen Copy number Koha item type
  Dewey Decimal Classification   Not For Loan Non-fiction Central Library, University of Rajshahi Central Library, University of Rajshahi Reading Room 02/07/2018 1980-19-03 35.00   B 891.4408 AHF 1979 02/07/2018 C-1 Books